| 000 | 00532nam a2200169 i 4500 | ||
|---|---|---|---|
| 001 | 49839 | ||
| 003 | ES-MaACL | ||
| 005 | 20230906162054.0 | ||
| 007 | t| | ||
| 008 | 030724s1914 fr f |||| | fre d | ||
| 100 | 1 |
_aCox, Raymond. _941400 |
|
| 245 | 1 | 4 |
_aLes soieries d'art depuis les origines jusqu'áa nos jours / _cRaymond Cox. |
| 260 |
_aParis : _bLibraire Hachette et Cie, _c1914 ( _eCorbeil : _fCrété) |
||
| 300 |
_aVII, 431 p., 100 lám. ; _c27 cm. |
||
| 650 | 4 |
_aIndustria de la seda. _9139512 |
|
| 852 |
_aES-MaACL _jG-3333 |
||
| 999 |
_c49839 _d49839 |
||